Normal view
MARC view
- Seiavicco, L Siciliano, B
Entry Personal Name
001 - CONTROL NUMBER
- control field: 74395
003 - CONTROL NUMBER IDENTIFIER
- control field: NUST
005 - DATE AND TIME OF LATEST TRANSACTION
- control field: 20210628205211.0
008 - FIXED-LENGTH DATA ELEMENTS
- fixed length control field: 210628|| aca||aabn | a|a d
040 ## - CATALOGING SOURCE
- Original cataloging agency: NUST
- Transcribing agency: NUST
100 ## - HEADING--PERSONAL NAME
- Personal name: Seiavicco, L Siciliano, B
670 ## - SOURCE DATA FOUND
- Source citation: Work cat.: (NUST): Seiavicco, L Siciliano, B, Sei'm, 1996
